00450cam a22001572 4500001001100000005001700011008004100028040001500069110004700084245005200131250001300183260003700196300001200233651004400245852000300289000001283920151217155852.0090323s xx 000 0 eng d aKABUcKABU2 aKenya, Colony and Protectrate.@000015049810aReport of the Development Committee volume two. a1st ed. aNairobi :bGovt. Printer,c1946. a235 p. 0aKenyaxEconomic conditions.@00001487221